1114 1391 1803 1704 1561 1144 1414 1383 1287 1624 1699 1940 1901 1219 1590 1625 1456 1026 1018 1237 1166 1174 1645 1851 1530 1747 1590 1254 1153 1630 1997 1447 1271 1712 1204 1869 1332 1952 1600 1909 1275 1359 1341 1355 1087 1237 1239 1537 1158 1799 1198 1734 1711 1507 1486 1441 1070 1626 1413 1907 1966 1585 1829 1714 1370 1350 1180 1099 1769 1202 1021 1015 1443 1504 1623 1357 1553 1794 1063 1369 1020 1001 1804 1092 1707 1827 1938 1821 1484 1237 1734 1697 1537 1669 1998 1033 1758 1220 1136 BCNSPRNW ULIB Ver.6.0+V

เปลี่ยนเป็นภาษาไทย

Change to English
 แสดงรายละเอียดบรรณานุกรม
  กลับหน้าหลัก

Brief Record : Get Marc (ISO 2709) : E-mail record : QR code < ปิดหน้าต่าง
LEADER : 00000nam 2200000uu 4500
001    13399111485
003     ULIB
008    110628s||||||||th 000 0 tha d
050  4 BQ4570^bช454ก 2548
100 0  พระโพธิญาณเถร(ชา สุภัทโท)
245 10 กุญแจภาวนา /^cพระโพธิญาณเถร(ชา สุภัทโท)
260    อุบลราชธานี :^bวัดหนองป่าพง ,^c2548
300    98 หน้า
650  7 ธรรมะ
650  7 โอวาท
650  7 เทศนา
945    ^p0^l0^i021910
995    ทศพร
999 ^a ใช้งานได้ทุกระบบ
รายการนี้ยังไม่มีแท็ก
คุณยังไม่ได้ล็อกอิน คุณสามารถมีกิจกรรมร่วมกับเว็บไซต์ได้ แต่ต้องล็อกอินก่อน ::
  ล็อกอิน

รายการสื่อสารสนเทศ

ลำดับที่ ประเภท เลขเรียก/บาร์โค้ด สถานที่ สถานะ
- ไม่พบข้อมูล -

รายการใกล้เคียง
    หัวเรื่อง [ธรรมะ]
    หัวเรื่อง [เทศนา]

BibComment


ยังไม่เคยถูกคอมเมนท์

คอมเมนท์ทรัพยากรรายการนี้
  คอมเมนท์: กุญแจภาวนา พระโพ..


 Copyright 2026. Bcnsprnw @Library